Online
Catalog

Guía para realización de estudios de caracterización de residuos sólidos municipales / (Record no. 54748)

MARC details
000 -CABECERA
campo de control de longitud fija 01839nam a2200325 i 4500
003 - IDENTIFICADOR DEL NÚMERO DE CONTROL
campo de control DO-SdBNP
005 - FECHA Y HORA DE LA ÚLTIMA TRANSACCIÓN
campo de control 20230914112020.0
007 - CAMPO FIJO DE DESCRIPCIÓN FÍSICA--INFORMACIÓN GENERAL
campo de control de longitud fija ta
008 - DATOS DE LONGITUD FIJA--INFORMACIÓN GENERAL
campo de control de longitud fija 150114s2022 dr ad 000 0 spa d
040 ## - FUENTE DE LA CATALOGACIÓN
Centro catalogador/agencia de origen DO-SdBNP
Lengua de catalogación spa
Centro/agencia transcriptor BNPHU
Normas de descripción rda
082 ## - NÚMERO DE LA CLASIFICACIÓN DECIMAL DEWEY
Número de edición 22
Número de documento/Ítem G943
110 1# - ENTRADA PRINCIPAL--NOMBRE DE ENTIDAD CORPORATIVA
Nombre de entidad corporativa o nombre de jurisdicción como elemento de entrada Federación Dominicana de Municipios (FEDOMU)
9 (RLIN) 84131
245 10 - MENCIÓN DE TÍTULO
Título Guía para realización de estudios de caracterización de residuos sólidos municipales /
Mención de responsabilidad, etc. elaboración Mariely Ponciano, Indhira de Jesús, Rosaura Pimentel, Beatriz Alcántara
264 ## - PRODUCCIÓN, PUBLICACIÓN, DISTRIBUCIÓN, FABRICACIÓN Y COPYRIGHT
Producción, publicación, distribución, fabricación y copyright Santo Domingo :
Nombre del de productor, editor, distribuidor, fabricante FEDOMU,
-- FAMSI,
Fecha de producción, publicación, distribución, fabricación o copyright 2022.
300 ## - DESCRIPCIÓN FÍSICA
Extensión 90 páginas
Otras características físicas ilustraciones, gráficos
Dimensiones 28 cm.
336 ## - TIPO DE CONTENIDO
Fuente rdacontent
Término de tipo de contenido texto
Código de tipo de contenido txt
337 ## - TIPO DE MEDIO
Fuente rdamedia
Nombre/término del tipo de medio sin mediación
Código del tipo de medio n
338 ## - TIPO DE SOPORTE
Fuente rdacarrier
Nombre/término del tipo de soporte volumen
Código del tipo de soporte nc
500 ## - NOTA GENERAL
Nota general Incluye glosario de siglas, índice de tablas, índice de figuras.
504 ## - NOTA DE BIBLIOGRAFÍA, ETC.
Nota de bibliografía, etc. Bibliografía p: 65
505 ## - NOTA DE CONTENIDO CON FORMATO
Título Glosario de siglas --
Información miscelánea Capitulo I. --
Título Introducción --
Información miscelánea Capitulo II. --
Título Antecedentes --
Información miscelánea Capitulo III. --
Título Competencias institucionales en la gestión de residuos --
Información miscelánea Capitulo IV. --
Título Conceptos y definiciones claves --
Información miscelánea Capitulo V. --
Título Estudio de caracterización de residuos sólidos --
Información miscelánea Capitulo IV. --
Título Etapas del estudio de caracterización --
Información miscelánea Capitulo VII. --
Título Ejemplo --
Información miscelánea Capitulo VIII. --
Título Conclusiones --
Información miscelánea Capitulo IX. --
Título Bibliografía --
Información miscelánea Índice de tablas --
-- Índice de figuras --
590 ## - NOTA LOCAL (RLIN)
Nota local Inventariado, 2023/ YL
700 1# - PUNTO DE ACCESO ADICIONAL--NOMBRE DE PERSONA
Nombre de persona Ponciano, Mariely
Término indicativo de función/relación elaboración y redacción
9 (RLIN) 83859
700 1# - PUNTO DE ACCESO ADICIONAL--NOMBRE DE PERSONA
Nombre de persona De Jesús, Indhira
Término indicativo de función/relación elaboración y redacción
9 (RLIN) 84132
700 1# - PUNTO DE ACCESO ADICIONAL--NOMBRE DE PERSONA
Nombre de persona Pimentel, Rosaura
Término indicativo de función/relación elaboración y redacción
9 (RLIN) 84133
700 1# - PUNTO DE ACCESO ADICIONAL--NOMBRE DE PERSONA
Nombre de persona Alcántara, Beatriz
Término indicativo de función/relación elaboración y redacción
9 (RLIN) 84134
710 ## - PUNTO DE ACCESO ADICIONAL--NOMBRE DE ENTIDAD CORPORATIVA
Nombre de entidad corporativa o nombre de jurisdicción como elemento de entrada Fondo Andaluz de Municipios para la Solidaridad Internacional (FAMSI)
9 (RLIN) 84135
910 ## - DATOS DE OPCIÓN DEL USUARIO (OCLC)
Datos de opción del usuario YLockward
942 ## - ELEMENTOS DE PUNTO DE ACCESO ADICIONAL (KOHA)
Fuente del sistema de clasificación o colocación Dewey Decimal Classification
Tipo de ítem Koha Libro
Holdings
Estado de retiro Estado de pérdida Fuente del sistema de clasificación o colocación Restricciones de uso No para préstamo Código de colección Localización permanente Ubicación/localización actual Ubicación en estantería Fecha de adquisición Fuente de adquisición Total de préstamos Signatura topográfica completa Código de barras Fecha visto por última vez Precio válido a partir de Tipo de ítem Koha Número de copia
    Dewey Decimal Classification Excluido de préstamo   Patrimonio Dominicano Biblioteca Nacional Pedro Henríquez Ureña Biblioteca Nacional Pedro Henríquez Ureña En catalogación 23.01.2023 Depósito Legal   BNPHU PD G943 2023-5883 14.09.2023 14.09.2023 Libro  
    Dewey Decimal Classification Excluido de préstamo   Patrimonio Dominicano Biblioteca Nacional Pedro Henríquez Ureña Biblioteca Nacional Pedro Henríquez Ureña En catalogación 23.01.2023 Depósito Legal   BNPHU PD G943 2023-5884 14.09.2023 14.09.2023 Libro e. 2
    Dewey Decimal Classification Excluido de préstamo   Patrimonio Dominicano Biblioteca Nacional Pedro Henríquez Ureña Biblioteca Nacional Pedro Henríquez Ureña En catalogación 23.01.2023 Depósito Legal   BNPHU DS G943 2023-5885 14.09.2023 14.09.2023 Libro e. 3
    Dewey Decimal Classification Préstamo en sala   Dominicana de Servicio Biblioteca Nacional Pedro Henríquez Ureña Biblioteca Nacional Pedro Henríquez Ureña En catalogación 04.09.2025 Donación   BNPHU DS G943 2025-9512 04.09.2025 04.09.2025 Libro e.4
    Dewey Decimal Classification Préstamo en sala   Dominicana de Servicio Biblioteca Nacional Pedro Henríquez Ureña Biblioteca Nacional Pedro Henríquez Ureña En catalogación 04.09.2025 Donación   BNPHU DS G943 2025-9513 04.09.2025 04.09.2025 Libro e.5

Powered by Koha